Alguien me ha llamado / Joan Vinyoli ; traducción de José Agustín Goytisolo ; edición y prólogo de Josep M. Sala Valldaura
Descripción Física:
125 p. ; 22 cm
Colección:
Marca Hispánica
MARC
| LEADER | 00000nam a2200000Ia 4500 | ||
|---|---|---|---|
| 001 | 2147 | ||
| 008 | 160829s1986 xx 000 0 cat d | ||
| 080 | |a L-1-81 | ||
| 100 | 1 | |a Vinyoli, Joan, |d 1914-1984 |9 27904 | |
| 245 | |a Alguien me ha llamado / Joan Vinyoli ; traducción de José Agustín Goytisolo ; edición y prólogo de Josep M. Sala Valldaura | ||
| 260 | |a Barcelona : |b Edicions del Mall, |c 1986 | ||
| 300 | |a 125 p. ; |c 22 cm | ||
| 490 | |a Marca Hispánica | ||
| 590 | |a Edició bilingüe català-castellà. | ||
| 590 | |a Títol original: 'Algú m'ha cridat' | ||
| 700 | 1 | |a Goytisolo, José Agustín, |d 1928-1999 |e traductor |9 37629 | |
| 700 | |a Sala-Valldaura, J. M., ed. |9 27905 |e editor, autor del pròleg | ||
| 901 | |a Arxiu | ||
| 942 | |n 1 |2 udc | ||
| 952 | |0 0 |1 0 |4 0 |6 L181 |7 1 |9 44592 |a Arxiu |b Arxiu |d 2016-12-01 |l 0 |o L-1-81 |p 2147 |r 2016-12-01 00:00:00 |w 2016-12-01 |y ARXIU | ||
| 999 | |c 47173 |d 47173 | ||